000 00686nam a22002537a 4500
003 UA-OsUOA
001 73236
007 ta
008 20110217b un ||||| |||| 00| 0 ukr d
100 _aДоля В.Т.
090 _a336(075.8)
_bД29
942 _cBK
040 _aUA-OsUOA
_brus
_cUA-OsUOA
_dUA-OsUOA
245 _aЭкономический анализ
_bУчебное пособие
300 _a224 с.
955 _a2
041 _arus
080 _a336(075.8)
020 _a978-966-351-045-3
260 _aК.
_bКондор
_c2007
250 _n2-ге, переработаное и дополненое
650 7 _a336 Фінанси
_2UDC
999 _c359516
_d359516